书目信息 |
| 书名: | the outstretched hand | |
| 作者: | Moira D.Reynlds. | |
| 分册号: | ||
| 分册名: | 出版地: | New York : |
|
| 出版社: | richards posen press | |
| 出版时间: | 1980. | |
| 页数: | 147p. ; | |
| 开本: | 20cm. | |
| 丛书名: | ||
| 中图分类号: | ||
| 科图分类号: | ||
| 其他分类号: | R-091 | |
| 主题词: | ||
| 电子资源: | ||
| 000 | 00414nam 2200145 a 4500 | |
| 001 | E0755983594 | |
| 005 | 20070226154313.09 | |
| 008 | 070226s1980 00010 eng | |
| 020 | @a0-8239-0502-0. | |
| 040 | @aPFT@beng | |
| 090 | @aR-091 | |
| 099 | @dR-091@ex2 | |
| 245 | @athe outstretched hand :@bModern Medical Discoveries / @cMoira D.Reynlds. | |
| 260 | @aNew York :@brichards posen press,@c1980. | |
| 300 | @a147p. ;@c20cm. | |
| the outstretched hand : : Modern Medical Discoveries / / Moira D.Reynlds.-New York : : richards posen press, , 1980. |
| 147p. ; ; 20cm. |
| ISBN 0-8239-0502-0. |
| ● |
| 相关链接 |
|
|
|
|
正题名:the outstretched hand
索取号:R-091/x2
 
预约/预借
| 序号 | 登录号 | 条形码 | 馆藏地/架位号 | 状态 | 备注 |
| 1 | 182831 | 000634317 | 第二样本阅览室/ [索取号:R-091/x2] | 在馆 | |
| 2 | 182832 | 000634335 | 第四借阅区/ [索取号:R-091/x2] | 在馆 | |
| 3 | 182833 | 000634326 | 第四借阅区/ [索取号:R-091/x2] | 在馆 |